000 01101nam a2200337 i 4500
003 EG-GICUC
005 20260409222146.0
008 260409s1976 enkd|||fr|||| 00| 0 eng d
020 _a0406846073
040 _aEG-GiCUC
_beng
_cEG-GiCUC
_dEG-GiCUC
_erda
082 0 4 _221
_a343.81
_bWI . M
092 0 4 _221
099 _aLaw1 10 343.81 WI . M 1976
100 1 _aWilliams, William J.
_eAuthor.
245 1 0 _aMoriarty's Police Law :
_bAn Arrangement of Law and Regulations for the Use of Police Officers /
_cWilliam J. Williams.
250 _aTwenty-third Edition
264 1 _aLondon :
_bButterwort,
_c1976.
264 3 _aGreat Britain :
_bButler & Tanner Ltd
300 _a816 pages :
_bCharts,
_c24 cm.
336 _2rda content
_atext
337 _2rda media
_aComputer
338 _2rda carrier
_aOnline Resource
500 _aIndex
546 _aText in English
650 1 _aScientific Police Investigation
_2qrmak
650 1 _aCriminal Law
_2qrmak
651 1 _2qrmak
856 4 0 _uhttps://fll.law.cu.edu.eg/fulltext/bks/B10-08619.pdf
905 _a54
942 _2ddc
_cBK
_e21
_n0
999 _c69918
_d69918